LEADER 01598nam a2200313 u 4500 001 000000001664 003 CaOOAMICUS 005 20070226104334.0 008 940514s1982 vc u000 u eng u 035 $a10041062 040 $aPUL(R)$bita 100 0 $aIohannes Paulus PP.$bII,$csanto,$d1920-2005.$0(OLS)http://pul/name/1830 245 10$aDiscourse of His Holiness John Paul II and address of Carlos Chagas president of the academy :$bpapal audience, October 23, 1982. 260 $aCivitas Vaticana :$bPontificia Academia Scientiarum,$c1982. 300 $a15 p. ;$c24 cm 490 1 $aPontificiae Academiae Scientiarum documenta ;$v6 700 1 $aChagas, Carlos,$d1910-$0(OLS)http://pul/name/1831 710 2 $aPontificia Accademia delle scienze.$0(OLS)http://pul/name/1110 830 0$aPontificiae Academiae Scientiarum documenta ;$v6.$0(OLS)http://pul/title/2507 850 $aPUL 852 $aPUL$W1$xSL Filosofia 1$y2$m112(1) C 12$j2198$nBK-PRI$b $qStampati$B2198$CPULBib$Z2$F2198 $H $81 900 $aWojtyla, Karol,$cs.,$d1920-2005$91830 900 $aGiovanni Paolo II,$cpapa, s.,$d1920-2005$91830 910 $aPapi (1978-2005 : Iohannes Paulus PP. II)$91830 910 $aPapi (1978-2005 : Iohannes Paulus PP. II)$91830 941 1 $a8 961 $aINV: 74207 996 $6245$aDiscourse of His Holiness John Paul II and address of Carlos Chagas president of the academy :$bpapal audience, October 23, 1982$9(OLS)http://pul/title/2509 996 $6260$aCivitas Vaticana :$bPontificia Academia Scientiarum$9(OLS)http://pul/publisher/48895 LEADER 01482nam a2200325 a 4500 001 000000128697 003 CaOOAMICUS 005 20241003162905.0 008 120504s2011 fr h u000 u fre r 020 $a978-2-204-09548-8 040 $aPUL$bita 082 04$a103 100 1 $aMosès, Stéphane,$d1931-2007.$0(OLS)http://pul/name/82296 245 10$aFigures philosophiques de la modernité juive :$bsix conférences Chaire Etienne-Gilson /$cStéphane Mosès ; préface de Philippe Capelle-Dumont. 260 $aParis :$bCerf,$c2011. 300 $a151 p. :$bfacsim. ;$c22 cm 490 1 $aPhilosophie & théologie 504 $aInclude riferimenti bibliografici ed indice. 650 4$aEbraismo$xFilosofia.$0(OLS)http://pul/subject/38651 700 1 $aCapelle-Dumont, Philippe,$d1954-$0(OLS)http://pul/name/65089 830 0$aPhilosophie & théologie (Cerf).$0(OLS)http://pul/title/104748 850 $aPUL 852 $aPUL$W1$xSL Filosofia 3$y81$m103 COLL 3.5$j149066$qDDC 21$B147575$CPULBib$Z2$F147575 $H119643 $82 941 1 $a9 983 0$aPhilosophie et théologie (Cerf) 996 $6020$a978-2-204-09548-8$9(OLS)http://pul/number/149591 996 $6082$a103$9(OLS)http://pul/classification/621 996 $6245$aFigures philosophiques de la modernité juive :$bsix conférences Chaire Etienne-Gilson$9(OLS)http://pul/title/162630 996 $6260$aParis :$bCerf$9(OLS)http://pul/publisher/48238